000 00864nam a2200289 a 4500
001 72781
003 BD-RjUL
005 20211209082317.0
008 170523s1973 enka b 001 0 eng d
020 _a0249441101
035 _a(BD-RjUL)72999
040 _aDLC
_cDLC
_dBD-RjUL
_beng
041 _aeng
082 0 0 _223
_a579.17
_bGRM 1973
100 1 _aGregory, Philip Herries.
_9214705
245 1 4 _aThe microbiology of the atmosphere /
_c[by] P. H. Gregory.
250 _a2nd ed.
260 _aLondon :
_bL. Hill,
_c1973.
300 _axxi, 377p. :
_bill. ;
_c24 cm.
504 _aIncludes bibliography: (p. 309-346) and indexes.
650 0 _aAir
_xMicrobiology.
_9215278
650 0 _aPalynology.
_9215279
830 _aPlant science monographs.
_9205085
942 _2ddc
_cBK
999 _c72781
_d72781